| 000 | 00892cam a2200241 4500 | ||
|---|---|---|---|
| 001 | WB3711-15 | ||
| 008 | 000000n2001 000 0 eng u | ||
| 035 | _a(Sirsi) u111411 | ||
| 245 | _aRailtrack plans new town | ||
| 260 | _c2001 | ||
| 490 |
_aBuilding _v265(10) 9 March 2001, 11(1) |
||
| 520 | _aRailtrack is leading a partnership to build a new urban town in Cricklewood, north London which will bring together homes, offices, retail, leisure and transport facilities on a 40ha site. The regeneration project team which includes developer Pillar Property will apply for planning permission this summer. | ||
| 590 | _aWB | ||
| 650 | _aURBAN DEVELOPMENT | ||
| 650 | _aNEW TOWNS | ||
| 650 | _aNORTH LONDON | ||
| 650 | _aCRICKLEWOOD | ||
| 650 | _aREGENERATION PROJECTS | ||
| 650 | _aRAILTRACK | ||
| 650 | _aPLANNING | ||
| 690 | _aPROPERTY-PROPERTY DEVELOPMENT | ||
| 942 | _n0 | ||
| 999 |
_c66379 _d66379 |
||